| 000 | 00396nam a2200145Ia 4500 | ||
|---|---|---|---|
| 008 | 230917s9999||||xx |||||||||||||| ||und|| | ||
| 040 |
_e195360 _aMAIN |
||
| 041 | _aEnglish | ||
| 082 | _a958 H125M | ||
| 100 | _aHaidar, Mansura | ||
| 245 | 0 | _aMedieval Central Asia: Policy, economy and military organization | |
| 260 |
_aNew Delhi _bManohar Publishers _c2004 |
||
| 300 | _a525 p. | ||
| 942 | _cBK | ||
| 999 |
_c163156 _d163156 |
||